Datum a čas kvízu
25
Celkem bodů
Celkový počet nahraných bodů na tomto kvízu bez doplňovacích otázek.
7.
Pořadí na kvízu
Konečné umístění týmu na tomto kvízu.
Zaznamenané odpovědi
| # | Otázka | Odpověď | Body | Výsledky |
|---|---|---|---|---|
| 1. | Minulý týden se v pražských Z... | Bolt | 1 | |
| 2. | Ke dvěma a půl letům vězení by... | D | 0 | |
| 3. | Jedno z nejnovějších děl umělc... | C) ve Veselí nad Moravou | 1 | |
| 4. | Někteří obyvatelé Německa, pře... | kebab | 1 | |
| 5. | Po dvanáctidenní plavbě dovezl... | Marseille | 0 | |
| 6. | Podíváme se do zemí či krajů,... | Genovia, Anne Hathaway | 1 | |
| 7. | Ve filmu Tři veteráni ztvárnil... | B | 0 | |
| 8. | Brobdingnag, Laputa, Balnibarb... | Gulliverovy cesty | 1 | |
| 9. | Přiřaďte tyto postavy z knižní... | 1C 2A 3D 4B | 1 | |
| 10. | Děj které humoristické novely... | Rozmarné léto | 0 |